00695nam a2200145Ia 4500008004100000024005200041082002200093100007700115245014200192260002500334600002700359650003300386952011300419999001700532250506s9999 xx 000 0 und d a07A-58-EE, 07A-80-EE, 07A-88-EE & 07A-56-EE a621.312136072 ABD aAbdul Basit jamil, Abeer Ahmed Qureshi, Mohammad Farrukh Khan & Ali Raza 0aApplication based Designing of an Alternative Energy System (Using Wind Turbine) with Measuring and Recording of its Digitized Parameters aKarachi:bUIT,c2007 aElectronic Engineering aBachelor of Engineering (BE) 001040708PR-EEaUITUbUITUd2022-07-26l0o621.312136072 ABDpEE-152r2025-05-06 11:34:12w2025-05-06yPR c27903d27903